| 000 | 04083cam a2200553 a 4500 | ||
|---|---|---|---|
| 999 |
_c63945 _d63945 |
||
| 001 | 43761873 | ||
| 003 | CO-MdFUSB | ||
| 005 | 20190510063349.0 | ||
| 008 | 000403t19992002vc ad f b 001 0 eng d | ||
| 020 | _a0268014906 (pbk.) | ||
| 040 |
_aLML _cCO-MdFUSB _dCO-MdFUSB _bspa _erda |
||
| 041 | _aeng | ||
| 082 |
_224 _aG 261.55 _bN494n |
||
| 245 | 1 | 0 |
_aNeuroscience and the person _b: scientific perspectives on divine action _c/ Editado por Robert John Russell, Nancey Murphy, Theo C. Meyering, y Michael A. Arbib. |
| 264 | 1 |
_aVatican City State : _bVatican Observatory ; _aBerkeley, Calif. : _bCenter for Theology and the Natural Sciences ; _c℗2002 |
|
| 264 | 1 | _c©2002 | |
| 300 |
_axxxv, 496 páginas : _bilustraciones ; _c25 cm. |
||
| 336 |
_a1 _ba1 _2rdacontent. |
||
| 337 |
_a2 _b5 _2rdamedia. |
||
| 338 |
_a2 _b5 _2rdacarrier. |
||
| 490 | 1 | _aSeries on "Scientific perspectives on divine action" ; | |
| 500 | _a"In June of 1998 the fourth conference in a series cosponsored by the Vatican Observatory and the Center for Theology and the Natural Sciences was held in Pasierbiec, Poland. Its purpose was to explore relations between the cognitive neurosciences and Christian theology. Most of the essays in this volume were discussed and debated there, and then revised for publication." -- Introd. | ||
| 501 | _aIncluye índices (p. 477- 496) | ||
| 505 | 0 | _aRestoring the human person: New Testament voices for a wholistic and social anthropology / Joel B. Green -- The modern philosophy of self in recent theology / Fergus Kerr -- Emotions: how I've looked for them in the brain / Joseph E. LeDoux -- The uniquely human capacity for language communication: from POPE to [po:p] in half a second / Peter Hagoort -- The cognitive way to action / Marc Jeannerod -- A neuroscientific perspective on human sociality / Leslie A. Brothers -- Towards a neuroscience of the person / Michael A. Arbib -- Emotions: a view through the brain / Joseph E. LeDoux --Are there limits to the naturalization of mental states? / Marc Jeannerod -- The mind-brain problem, the laws of nature, and constitutive relationships / William R. Stoeger -- Supervenience and the downward efficacy of the mental: a nonreductive physicalist account of human action / Nancey Murphy -- Mind matters: physicalism and the autonomy of the person / Theo C. Meyering -- Neuroscience, the person, and God: an emergentist account / Philip Clayton -- The sound of sheer silence: how does God communicate with humanity? / Arthur Peacocke -- Neuroscience, artificial intelligence, and human nature: theological and philosophical reflections / Ian G. Barbour -- The soul and neuroscience: possibilities for divine action / Stephen Happel -- Resurrection of the very embodied soul? / Ted Peters -- Cognitive neuroscience and religious consciousness / Fraser Watts -- A neuropsychological-semiotic model of religious experiences / Wesley J. Wildman & Leslie A. Brothers -- Crusoe's brain: of solitude and society / Michael A. Arbib -- Intimations of transcendence: relations of the mind and God / George F.R. Ellis. | |
| 505 | 0 | _aI. Recursos -- II. De la neurociencia a la filosofía -- III. De la ciencia y la filosofía a la antropología cristiana -- IV. Reflexiones contrastantes sobre el contexto teológico | |
| 650 | 7 |
_aReligión y ciencia _9259 |
|
| 700 | 1 | _aRussell, Robert J. | |
| 700 |
_aGreen, Joel B, _d1956 _9348 |
||
| 720 | _aMurphy, Nancey | ||
| 720 | _aMeyering, Theo C. | ||
| 720 | _aArbib, Michael A. | ||
| 720 | _aKerr, Fergus | ||
| 720 | _aLeDoux, Joseph E. | ||
| 720 | _aHagoort, Peter | ||
| 720 | _aJeannerod, Marc | ||
| 720 | _aBrothers, Leslie A. | ||
| 720 | _aStoeger, William R., S.J. | ||
| 720 | _aClayton, Philip | ||
| 720 | _aPeacocke, Arthur | ||
| 720 | _aBarbour, Ian G. | ||
| 720 | _aHappel, Stephen | ||
| 720 | _aPeters, Ted | ||
| 720 | _aWatts, Fraser | ||
| 720 | _aWildman, Wesley J. | ||
| 720 | _aEllis, George F.R. | ||
| 830 | 0 |
_aSeries on "Scientific perspectives on divine action" ; _v4th v. |
|
| 942 | _cBK | ||